| 000 | 01285nam a22002177a 4500 | ||
|---|---|---|---|
| 999 |
_c60362 _d60362 |
||
| 003 | Ge_BSU | ||
| 005 | 20230706143301.0 | ||
| 008 | 230705s2009ge xxu||||| |||| 00| 0 geo d | ||
| 020 | _a9789941400728 | ||
| 041 | _ageo | ||
| 080 | _a159.923.2 გ-97 | ||
| 100 |
_aგურჯიევი, გ. (გიორგი) _919162 |
||
| 245 |
_aცხოვრება რეალურია მხოლოდ მაშინ, როცა "მე ვარ" / _bგიორგი გურჯიევი ; [ქართ. თარგმანი მზია ქურცაძე; რედ. და კომენტარები ლევან ხეთაგურის. |
||
| 264 |
_aთბილისი : _bსაქ. შოთა რუსთაველის თეატრისა და კინოს სახელმწ. უნ-ტი, _c2009. |
||
| 300 |
_a169 გვ. : _bილ. ; _c20 სმ. |
||
| 653 | _aპიროვნების ფსიქოლოგია | ||
| 653 | _aმე და საზოგადოება | ||
| 700 |
_aქურცაძე, მზია _eმთარგმნელი _919163 |
||
| 700 |
_aხეთაგური,ლევან _eრედაქტორი და სხვ _919164 |
||
| 942 |
_2udc _cBK |
||